[Event "TOP 16 B group"]
[Site "BELFORT"]
[Date "????.??.??"]
[Round "4.28"]
[White "Schmitt, Andre"]
[Black "Sochacki, Christophe"]
[Result "0-1"]
[WhiteElo "2226"]
[BlackElo "2458"]
[PlyCount "85"]
[EventDate "2025.05.??"]
[WhiteTeam "BISCHWILLER"]
[BlackTeam "GRASSE"]
[WhiteTeamCountry "FRA"]
[BlackTeamCountry "FRA"]

1. Nf3 g6 2. d4 Bg7 3. g3 c5 4. Bg2 cxd4 5. Nxd4 Nc6 6. Nb3 d6 7. O-O h5 8. h4
Nf6 9. Nc3 O-O 10. Bg5 Bg4 11. Qc1 Kh7 12. Re1 Rc8 13. Ne4 Nxe4 14. Bxe4 b5 15.
c3 b4 16. cxb4 Nxb4 17. Qd2 Rc4 18. f3 Be6 19. Rec1 a5 20. Rxc4 Bxc4 21. Nc1 d5
22. Bd3 Qb8 23. Kg2 Nxd3 24. Nxd3 e5 25. b3 e4 26. Rc1 Bb5 27. Nf2 Qa8 28. Rc5
Bc6 29. Rxa5 Qb7 30. fxe4 d4 31. Kh2 Re8 32. Rc5 Bxe4 33. Nxe4 Qxe4 34. Rc2 Qf5
35. Bf4 Re4 36. Qd3 Be5 37. Bxe5 Qf2+ 38. Kh3 Re3 39. Qc4 Rxe5 40. Qc7 Qf1+ 41.
Kh2 Rf5 42. e4 dxe3 43. Qc4 0-1

[Event "TOP 16 B group"]
[Site "BELFORT"]
[Date "????.??.??"]
[Round "4.29"]
[White "Milliet, Sophie"]
[Black "Barbaras, Mathieu"]
[Result "1-0"]
[WhiteElo "2364"]
[BlackElo "2277"]
[PlyCount "95"]
[EventDate "2025.05.??"]
[WhiteTeam "GRASSE"]
[BlackTeam "BISCHWILLER"]
[WhiteTeamCountry "FRA"]
[BlackTeamCountry "FRA"]

1. e4 c5 2. Nf3 d6 3. Nc3 Nf6 4. d4 cxd4 5. Qxd4 Nc6 6. Qe3 g6 7. Bc4 Bg7 8. h3
O-O 9. O-O b6 10. Rd1 Bb7 11. Nd5 Nd7 12. Bf1 Rc8 13. Rb1 Nce5 14. Nxe5 Nxe5
15. Qa3 e6 16. Nc3 d5 17. Qxa7 Qc7 18. Nb5 Qxc2 19. Be3 d4 20. Bxd4 Bxe4 21.
Qa3 Rfd8 22. Rbc1 Qxc1 23. Rxc1 Rxc1 24. Qe3 Rxf1+ 25. Kxf1 Bd3+ 26. Kg1 Bxb5
27. Bxe5 Bxe5 28. Qxe5 Bc4 29. Qc7 Rd1+ 30. Kh2 Bxa2 31. Qc8+ Kg7 32. Qc2 Rd5
33. b4 b5 34. Qxa2 h5 35. Qa1+ Kh7 36. Qa7 Kg7 37. g4 hxg4 38. hxg4 Kg8 39. Kg3
Kg7 40. Qe7 Rd3+ 41. Kf4 Rd4+ 42. Ke5 Rd5+ 43. Ke4 Kg8 44. Qb7 f5+ 45. gxf5
Rxf5 46. Qe7 Rh5 47. Qxe6+ Kg7 48. f4 1-0

[Event "TOP 16 B group"]
[Site "BELFORT"]
[Date "????.??.??"]
[Round "4.30"]
[White "Pigeat, Alexandre"]
[Black "Loiseau, Quentin"]
[Result "0-1"]
[WhiteElo "2303"]
[BlackElo "2400"]
[PlyCount "68"]
[EventDate "2025.05.??"]
[WhiteTeam "BISCHWILLER"]
[BlackTeam "GRASSE"]
[WhiteTeamCountry "FRA"]
[BlackTeamCountry "FRA"]

1. d4 d5 2. c4 e6 3. Nc3 c6 4. e3 Nf6 5. cxd5 exd5 6. Bd3 Bd6 7. Nge2 O-O 8. f3
c5 9. O-O Re8 10. Qe1 Nc6 11. Qh4 h6 12. Kh1 Bd7 13. a3 Qb6 14. Rb1 a5 15. Bd2
a4 16. Bb5 Ne7 17. dxc5 Qxc5 18. Nd4 Be5 19. Bd3 Bxd4 20. exd4 Qb6 21. Qf2 Bf5
22. Bxf5 Nxf5 23. g4 Nd6 24. Bf4 Nc4 25. Ne2 g5 26. Bc1 Nxa3 27. bxa3 Qxb1 28.
Ng3 Qd3 29. h4 Rac8 30. hxg5 Rc2 31. Qg1 hxg5 32. Nf5 Re1 33. Rxe1 Qxf3+ 34.
Qg2 Qxg2# 0-1

[Event "TOP 16 B group"]
[Site "BELFORT"]
[Date "????.??.??"]
[Round "4.31"]
[White "Wirig, Anthony"]
[Black "Strasser, Rouben"]
[Result "1-0"]
[WhiteElo "2438"]
[BlackElo "2127"]
[PlyCount "87"]
[EventDate "2025.05.??"]
[WhiteTeam "GRASSE"]
[BlackTeam "BISCHWILLER"]
[WhiteTeamCountry "FRA"]
[BlackTeamCountry "FRA"]

1. Nf3 d5 2. g3 Nf6 3. Bg2 e6 4. O-O Be7 5. d3 O-O 6. Bf4 c5 7. a4 Nc6 8. e4
dxe4 9. dxe4 Qxd1 10. Rxd1 Nxe4 11. Ne5 Nxe5 12. Bxe5 Bf6 13. f4 Bxe5 14. fxe5
f5 15. Bxe4 fxe4 16. Nd2 e3 17. Nc4 e2 18. Rd2 b6 19. Nd6 Bd7 20. Rxe2 Bc6 21.
Rf2 Rxf2 22. Kxf2 Kf8 23. a5 b5 24. Ke3 Ke7 25. Rf1 Be8 26. c3 b4 27. cxb4 cxb4
28. Rf4 Rb8 29. Rc4 Kd7 30. Nxe8 Kxe8 31. Rc7 Rb5 32. Rxa7 Rxe5+ 33. Kd4 Re1
34. Rxg7 Ra1 35. Ra7 Ra2 36. a6 Kd8 37. Kc5 Rxb2 38. Rxh7 b3 39. a7 Ra2 40.
a8=Q+ Rxa8 41. Rh8+ Kc7 42. Rxa8 b2 43. Ra7+ Kb8 44. Ra6 1-0

[Event "TOP 16 B group"]
[Site "BELFORT"]
[Date "????.??.??"]
[Round "4.32"]
[White "Bellahcene, Sofia"]
[Black "Barbot, Pierre"]
[Result "0-1"]
[WhiteElo "2094"]
[BlackElo "2454"]
[PlyCount "121"]
[EventDate "2025.05.??"]
[WhiteTeam "BISCHWILLER"]
[BlackTeam "GRASSE"]
[WhiteTeamCountry "FRA"]
[BlackTeamCountry "FRA"]

1. e4 d6 2. d4 Nf6 3. Nc3 e5 4. Nf3 Nbd7 5. a4 Be7 6. a5 c6 7. Be2 O-O 8. O-O
Qc7 9. Re1 Re8 10. Bf1 Nf8 11. h3 Ng6 12. Be3 Bf8 13. Bg5 Nh5 14. Nh4 Nxh4 15.
Qxh5 exd4 16. Nb5 cxb5 17. Bxh4 a6 18. Qd1 Bd7 19. Qxd4 Qxc2 20. Rac1 Qa4 21.
Qxa4 bxa4 22. Bc4 Bc6 23. Bd5 Bxd5 24. exd5 Rxe1+ 25. Rxe1 Rc8 26. Re4 Rc1+ 27.
Kh2 Rc5 28. Rxa4 Rxd5 29. Rb4 Rb5 30. Rxb5 axb5 31. Bd8 f5 32. Kg3 Kf7 33. Kf4
g6 34. Ke3 Ke6 35. b3 Kd5 36. Bb6 Bh6+ 37. Kd3 Bc1 38. f3 Ba3 39. Bd4 Bb4 40.
Bb6 Ke5 41. g3 Bc5 42. Bc7 Bf2 43. f4+ Kd5 44. g4 Bg3 45. Ke3 Kc5 46. Bb8 Bh2
47. Kf3 h5 48. gxh5 gxh5 49. b4+ Kd5 50. Ba7 Kc4 51. Bb8 d5 52. Bd6 d4 53. Ke2
d3+ 54. Kd2 Bg1 55. Kd1 Bd4 56. Kd2 Bc3+ 57. Ke3 d2 58. Ke2 Bxb4 59. Bc7 Bc3
60. Kf3 Kc5 61. Bd6+ 0-1

[Event "TOP 16 B group"]
[Site "BELFORT"]
[Date "????.??.??"]
[Round "5.1"]
[White "Suleymanli, Aydin"]
[Black "Bacrot, Etienne"]
[Result "1/2-1/2"]
[WhiteElo "2617"]
[BlackElo "2633"]
[PlyCount "40"]
[EventDate "2025.05.??"]
[WhiteTeam "MARSEILLE"]
[BlackTeam "AIX EN PROVENCE"]
[WhiteTeamCountry "FRA"]
[BlackTeamCountry "FRA"]

1. e4 e6 2. d4 d5 3. Nc3 Nf6 4. e5 Nfd7 5. f4 c5 6. Nf3 Nc6 7. Be3 a6 8. Ne2
Be7 9. c3 O-O 10. h4 f6 11. Rh3 a5 12. h5 a4 13. a3 Nb6 14. Ng3 fxe5 15. Nxe5
cxd4 16. cxd4 Nxe5 17. fxe5 Nc4 18. Bxc4 dxc4 19. Ne4 Qa5+ 20. Qd2 Qxd2+
1/2-1/2

[Event "TOP 16 B group"]
[Site "BELFORT"]
[Date "????.??.??"]
[Round "5.2"]
[White "Yuffa, Daniil"]
[Black "Laurent-Paoli, Pierre"]
[Result "1-0"]
[WhiteElo "2655"]
[BlackElo "2544"]
[PlyCount "77"]
[EventDate "2025.05.??"]
[WhiteTeam "AIX EN PROVENCE"]
[BlackTeam "MARSEILLE"]
[WhiteTeamCountry "FRA"]
[BlackTeamCountry "FRA"]

1. c4 e6 2. Nf3 d5 3. d4 Nf6 4. Nc3 Bb4 5. cxd5 exd5 6. Bg5 h6 7. Bh4 O-O 8. e3
Bf5 9. Qb3 Bxc3+ 10. bxc3 Nbd7 11. Be2 c5 12. dxc5 g5 13. Bg3 Nxc5 14. Qb4 Nfe4
15. O-O Rc8 16. Rfd1 a5 17. Qa3 Na4 18. c4 Nac3 19. Bf1 Nxd1 20. Rxd1 Nxg3 21.
hxg3 Qf6 22. cxd5 b6 23. Rd4 Rfd8 24. g4 Bd7 25. e4 Qf4 26. e5 Qc1 27. Qb3 Qc5
28. a4 Kg7 29. Qb2 Kg8 30. Nd2 b5 31. Ne4 Qc1 32. Nf6+ Kg7 33. Qe2 Qc2 34. Qf3
Qc3 35. Nh5+ Kf8 36. Qf6 Qxd4 37. Qxh6+ Ke8 38. Ng7+ Ke7 39. Qd6# 1-0

[Event "TOP 16 B group"]
[Site "BELFORT"]
[Date "????.??.??"]
[Round "5.3"]
[White "Santos Latasa, Jaime"]
[Black "Van Foreest, Jorden"]
[Result "1/2-1/2"]
[WhiteElo "2620"]
[BlackElo "2687"]
[PlyCount "38"]
[EventDate "2025.05.??"]
[WhiteTeam "MARSEILLE"]
[BlackTeam "AIX EN PROVENCE"]
[WhiteTeamCountry "FRA"]
[BlackTeamCountry "FRA"]

1. Nf3 d5 2. g3 Nf6 3. Bg2 e6 4. O-O Be7 5. d4 O-O 6. c4 dxc4 7. Qc2 a6 8. a4
h6 9. Rd1 Nc6 10. Bd2 Nxd4 11. Nxd4 Qxd4 12. Bb4 Qxd1+ 13. Qxd1 Bxb4 14. Qc2
Rb8 15. Qxc4 Bd6 16. Nc3 Bd7 17. a5 b6 18. axb6 Rxb6 19. Rxa6 Bb5 1/2-1/2

[Event "TOP 16 B group"]
[Site "BELFORT"]
[Date "????.??.??"]
[Round "5.4"]
[White "Sadhwani, Raunak"]
[Black "Albornoz Cabrera, Carlos Daniel"]
[Result "1-0"]
[WhiteElo "2672"]
[BlackElo "2548"]
[PlyCount "71"]
[EventDate "2025.05.??"]
[WhiteTeam "AIX EN PROVENCE"]
[BlackTeam "MARSEILLE"]
[WhiteTeamCountry "FRA"]
[BlackTeamCountry "FRA"]

1. c4 e6 2. Nc3 d5 3. d4 Nf6 4. cxd5 exd5 5. Bg5 Bb4 6. e3 h6 7. Bh4 g5 8. Bg3
h5 9. h3 Ne4 10. Nge2 Nc6 11. Bh2 g4 12. Bf4 gxh3 13. gxh3 Bf5 14. Qb3 Qe7 15.
a3 Bxc3+ 16. Nxc3 O-O-O 17. Rd1 Rhg8 18. Rh2 Qh4 19. Nxe4 Bxe4 20. Qc3 Rg1 21.
Kd2 Rdg8 22. b4 Bg2 23. Be2 Rxd1+ 24. Kxd1 Qe7 25. Bxh5 Be4 26. Bg3 a6 27. Be2
Nd8 28. a4 Ne6 29. h4 f5 30. Be5 Qe8 31. b5 axb5 32. axb5 Rg1+ 33. Kd2 Kd7 34.
Qa3 f4 35. b6 Rb1 36. bxc7 1-0

[Event "TOP 16 B group"]
[Site "BELFORT"]
[Date "????.??.??"]
[Round "5.5"]
[White "Degraeve, Remy"]
[Black "Gozzoli, Yannick"]
[Result "1/2-1/2"]
[WhiteElo "2403"]
[BlackElo "2567"]
[PlyCount "102"]
[EventDate "2025.05.??"]
[WhiteTeam "MARSEILLE"]
[BlackTeam "AIX EN PROVENCE"]
[WhiteTeamCountry "FRA"]
[BlackTeamCountry "FRA"]

1. e4 e5 2. Nf3 Nc6 3. d4 exd4 4. Bc4 Nf6 5. e5 d5 6. Bb5 Nd7 7. O-O Be7 8.
Bxc6 bxc6 9. Nxd4 Nb8 10. Nc3 c5 11. Ndb5 c6 12. Nd6+ Bxd6 13. exd6 O-O 14. Bf4
Be6 15. Qd2 Nd7 16. Rfe1 Re8 17. Na4 Qf6 18. b3 h6 19. Bg3 d4 20. h3 c4 21.
bxc4 Bxc4 22. Rxe8+ Rxe8 23. Re1 Rxe1+ 24. Qxe1 Qf5 25. Qe8+ Kh7 26. Qc8 Qxc2
27. Qxd7 Be6 28. Qxa7 d3 29. Qd4 d2 30. Nc3 c5 31. Qe3 Qxc3 32. Qxc3 d1=Q+ 33.
Kh2 Bxa2 34. Qxc5 Be6 35. Qe5 Qd3 36. Bf4 Qf5 37. Qd4 Bd7 38. Be5 f6 39. Bf4 h5
40. Bg3 Be6 41. Qb4 Bd7 42. Kg1 Be6 43. Bf4 Bd7 44. Be3 Qd5 45. Bf4 Qf5 46. f3
Kg8 47. Qd4 Kf7 48. Qc4+ Qe6 49. Qc7 Qe1+ 50. Kh2 Qe6 51. Qd8 g5 1/2-1/2

[Event "TOP 16 B group"]
[Site "BELFORT"]
[Date "????.??.??"]
[Round "5.6"]
[White "Boyer, Mahel"]
[Black "Lamaze, Simon"]
[Result "1/2-1/2"]
[WhiteElo "2521"]
[BlackElo "2424"]
[PlyCount "83"]
[EventDate "2025.05.??"]
[WhiteTeam "AIX EN PROVENCE"]
[BlackTeam "MARSEILLE"]
[WhiteTeamCountry "FRA"]
[BlackTeamCountry "FRA"]

1. d4 Nf6 2. Nf3 g6 3. g3 b6 4. Bg2 Bb7 5. c4 Bg7 6. O-O O-O 7. Qc2 c5 8. dxc5
bxc5 9. Nc3 Nc6 10. Rd1 d6 11. Bg5 Nd7 12. Rxd6 f6 13. Rd2 fxg5 14. Qd1 Ncb8
15. Ne5 Bxg2 16. Nxd7 Nxd7 17. Rxd7 Qb6 18. Kxg2 Qxb2 19. Rd3 Bxc3 20. Rb1 Qxa2
21. Rxc3 Rad8 22. Rd3 Rde8 23. Rdb3 Rd8 24. Rd3 Rde8 25. Rdb3 Rd8 26. Ra1 Rxd1
27. Rxa2 Rf5 28. Rd3 Rb1 29. Rxa7 Re5 30. Re3 Rxe3 31. fxe3 Rc1 32. Rxe7 Rxc4
33. h3 Rc1 34. Rc7 h5 35. Kf3 Rf1+ 36. Ke4 Rg1 37. Ke5 Rxg3 38. Kf6 Rxe3 39.
Kxg6 Re6+ 40. Kxh5 Rxe2 41. Kg6 Re6+ 42. Kxg5 1/2-1/2

[Event "TOP 16 B group"]
[Site "BELFORT"]
[Date "????.??.??"]
[Round "5.7"]
[White "Flom, Gabriel"]
[Black "Govciyan, Pavel"]
[Result "1-0"]
[WhiteElo "2454"]
[BlackElo "2421"]
[PlyCount "101"]
[EventDate "2025.05.??"]
[WhiteTeam "MARSEILLE"]
[BlackTeam "AIX EN PROVENCE"]
[WhiteTeamCountry "FRA"]
[BlackTeamCountry "FRA"]

1. d4 d5 2. Nf3 Nf6 3. c4 e6 4. Nc3 c5 5. cxd5 exd5 6. Bg5 Be6 7. Bxf6 Qxf6 8.
e4 dxe4 9. Nxe4 Qf4 10. Bb5+ Nc6 11. Bxc6+ bxc6 12. Qe2 Be7 13. O-O O-O 14.
dxc5 Bd5 15. Rfe1 Rab8 16. b3 Rfd8 17. Rac1 h6 18. h3 a5 19. Nc3 Be6 20. Na4
Bf6 21. Nb6 Bf5 22. Qc4 Qc7 23. Rcd1 Re8 24. Nd4 Bg6 25. Qa4 Be4 26. Ne6 Rxe6
27. Rxe4 Rbe8 28. Rxe6 Rxe6 29. Qxa5 Re2 30. Qa6 Qe7 31. Nd7 Re1+ 32. Rxe1
Qxe1+ 33. Qf1 Qc3 34. Qe2 Bd4 35. Qe8+ Kh7 36. Nf8+ Kg8 37. Ne6+ Kh7 38. Qxf7
Bf6 39. Nf8+ Kh8 40. Ng6+ Kh7 41. Nf8+ Kh8 42. Ne6 Kh7 43. Kh2 Qe1 44. f4 Qf2
45. a4 Qd2 46. Nf8+ Kh8 47. Ng6+ Kh7 48. Qe8 Bd8 49. Nf8+ Kg8 50. Ne6+ Kh7 51.
Qxd8 1-0

[Event "TOP 16 B group"]
[Site "BELFORT"]
[Date "????.??.??"]
[Round "5.8"]
[White "Benmesbah, Natacha"]
[Black "Delorme, Laurie"]
[Result "0-1"]
[WhiteElo "2259"]
[BlackElo "2070"]
[PlyCount "106"]
[EventDate "2025.05.??"]
[WhiteTeam "AIX EN PROVENCE"]
[BlackTeam "MARSEILLE"]
[WhiteTeamCountry "FRA"]
[BlackTeamCountry "FRA"]

1. e4 e5 2. Nf3 Nc6 3. Bb5 a6 4. Ba4 Nf6 5. Nc3 Bd6 6. d3 h6 7. a3 Qe7 8. Bb3
Bc5 9. O-O d6 10. Nd5 Nxd5 11. exd5 Nd4 12. Nxd4 Bxd4 13. c3 Bb6 14. a4 a5 15.
d4 O-O 16. Be3 Qh4 17. Rc1 Bg4 18. Qd2 Rae8 19. Rfe1 Kh8 20. dxe5 Rxe5 21. Bxb6
cxb6 22. Qf4 Qh5 23. Re3 Rfe8 24. Rce1 Rxe3 25. Rxe3 Rxe3 26. Qxe3 Bd1 27. Qe8+
Kh7 28. Bc4 Qg6 29. Qe3 Bc2 30. f3 Bxa4 31. Bd3 f5 32. Qxb6 Qg5 33. h4 Qc1+ 34.
Kh2 Qf4+ 35. Kh3 g5 36. Qc7+ Kg6 37. h5+ Kf6 38. Qd8+ Ke5 39. Qe7+ Kxd5 40.
Qxb7+ Ke6 41. Qc8+ Bd7 42. Qc4+ Qxc4 43. Bxc4+ Ke5 44. Bf7 Kf4 45. b3 Ke3 46.
Kg3 f4+ 47. Kh2 Kd3 48. c4 Kc3 49. Kg1 Bf5 50. Kh2 Bc2 51. Kh3 Bxb3 52. Kg4 Bc2
53. Bg6 a4 0-1

[Event "TOP 16 B group"]
[Site "BELFORT"]
[Date "????.??.??"]
[Round "5.10"]
[White "Harikrishna, Pentala"]
[Black "Velten, Paul"]
[Result "1-0"]
[WhiteElo "2707"]
[BlackElo "2542"]
[PlyCount "83"]
[EventDate "2025.05.??"]
[WhiteTeam "ASNIERES"]
[BlackTeam "CHALONS EN CHAMPAGNE"]
[WhiteTeamCountry "FRA"]
[BlackTeamCountry "FRA"]

1. c4 e6 2. Nc3 d5 3. d4 Nf6 4. cxd5 exd5 5. Bg5 c6 6. e3 Be7 7. Qc2 O-O 8. Bd3
Nbd7 9. Nf3 Re8 10. O-O Nf8 11. Bxf6 Bxf6 12. b4 a6 13. h3 Be7 14. a3 Bd6 15.
Rfd1 Be6 16. Rab1 Qe7 17. Re1 Rad8 18. e4 dxe4 19. Nxe4 h6 20. Re2 Bd5 21. Rbe1
Ne6 22. Bc4 Bxc4 23. Qxc4 Rd7 24. g3 Qd8 25. Kg2 Bf8 26. Nc5 Bxc5 27. bxc5 Qf6
28. Re5 g6 29. R1e4 Kg7 30. h4 Red8 31. Rxe6 fxe6 32. Ne5 Rd5 33. Rf4 Qe7 34.
Rg4 g5 35. hxg5 hxg5 36. Qc1 Rxd4 37. Rxg5+ Kf6 38. Qe3 Qh7 39. Rg6+ Qxg6 40.
Nxg6 Kxg6 41. Qxe6+ Kg7 42. Qe7+ 1-0

[Event "TOP 16 B group"]
[Site "BELFORT"]
[Date "????.??.??"]
[Round "5.11"]
[White "Anton Guijarro, David"]
[Black "Martirosyan, Haik M"]
[Result "1/2-1/2"]
[WhiteElo "2642"]
[BlackElo "2635"]
[PlyCount "39"]
[EventDate "2025.05.??"]
[WhiteTeam "CHALONS EN CHAMPAGNE"]
[BlackTeam "ASNIERES"]
[WhiteTeamCountry "FRA"]
[BlackTeamCountry "FRA"]

1. e4 e5 2. Nf3 Nc6 3. Bc4 Bc5 4. c3 Nf6 5. d3 O-O 6. O-O d5 7. exd5 Nxd5 8. a4
a5 9. Nbd2 Nb6 10. Bb5 Bd6 11. Nc4 Nxc4 12. Bxc4 h6 13. Nd2 Kh8 14. Qh5 f5 15.
Nf3 Qe8 16. Qxe8 Rxe8 17. Bf7 Rf8 18. Bd5 Ne7 19. Bb3 Bd7 20. Re1 1/2-1/2

[Event "TOP 16 B group"]
[Site "BELFORT"]
[Date "????.??.??"]
[Round "5.12"]
[White "Esipenko, Andrey"]
[Black "David, Alberto"]
[Result "1/2-1/2"]
[WhiteElo "2695"]
[BlackElo "2481"]
[PlyCount "113"]
[EventDate "2025.05.??"]
[WhiteTeam "ASNIERES"]
[BlackTeam "CHALONS EN CHAMPAGNE"]
[WhiteTeamCountry "FRA"]
[BlackTeamCountry "FRA"]

1. d4 Nf6 2. c4 e6 3. Nf3 b6 4. g3 Bb7 5. Bg2 Be7 6. O-O O-O 7. Re1 Na6 8. h4
h6 9. a3 d5 10. cxd5 exd5 11. Nc3 c5 12. Bf4 Ne4 13. Qd3 cxd4 14. Nxd4 Nac5 15.
Qf3 Bf6 16. Nf5 Bxc3 17. bxc3 Qf6 18. Be3 Nb3 19. Rad1 Rfe8 20. c4 Rad8 21.
cxd5 Rxd5 22. Rxd5 Bxd5 23. Rd1 Ba8 24. Rd7 Qa1+ 25. Bf1 Nf6 26. Rb7 Bxb7 27.
Qxb7 Qe5 28. Bh3 Rd8 29. Qxa7 Qe4 30. f3 Qc4 31. Qxb6 Rd1+ 32. Kf2 Nd5 33. Qd8+
Kh7 34. Ne7 Qxe2+ 35. Kxe2 Nc3+ 36. Kf2 Rxd8 37. Nc6 Re8 38. Bf5+ g6 39. Bc2
Na1 40. Nb4 Rb8 41. Bd3 Ra8 42. Bd4 Rxa3 43. Bc4 Kg8 44. Nc6 Nc2 45. Bc5 Nd1+
46. Ke2 Rc3 47. Ne5 Nb2 48. Bxf7+ Kg7 49. Bf2 g5 50. hxg5 hxg5 51. Kd2 Rc7 52.
Bb6 Rb7 53. Kxc2 Rxb6 54. Bb3 Nd1 55. Ng4 Rb4 56. Kxd1 Rxb3 57. Ke2 1/2-1/2

[Event "TOP 16 B group"]
[Site "BELFORT"]
[Date "????.??.??"]
[Round "5.13"]
[White "Bournel, Antoine"]
[Black "Maze, Sebastien"]
[Result "1-0"]
[WhiteElo "2423"]
[BlackElo "2548"]
[PlyCount "107"]
[EventDate "2025.05.??"]
[WhiteTeam "CHALONS EN CHAMPAGNE"]
[BlackTeam "ASNIERES"]
[WhiteTeamCountry "FRA"]
[BlackTeamCountry "FRA"]

1. e4 c5 2. Nf3 Nc6 3. d4 cxd4 4. Nxd4 g6 5. c4 Bg7 6. Be3 Nf6 7. Nc3 d6 8. Be2
Bd7 9. f3 O-O 10. Qd2 Nxd4 11. Bxd4 a5 12. O-O-O a4 13. a3 Be6 14. Kb1 Qa5 15.
Qe3 Nd7 16. Nd5 Rfe8 17. Bxg7 Kxg7 18. h4 h6 19. f4 Bxd5 20. exd5 e5 21. f5 Qc5
22. Qh3 Nf6 23. fxg6 fxg6 24. h5 Qc8 25. g4 g5 26. Rhf1 Nd7 27. Qf3 Rf8 28. Qe4
Qe8 29. Bd3 Rh8 30. Qf5 Kg8 31. Rd2 Rd8 32. Bc2 Nc5 33. Qf6 e4 34. Qd4 Qe5 35.
Qxe5 dxe5 36. d6 Kg7 37. Re1 Rhf8 38. Bxe4 Rf6 39. Bf5 Rfxd6 40. Rxd6 Rxd6 41.
Rxe5 b6 42. Kc2 Kf6 43. Re2 Nb3 44. Kc3 Nd4 45. Rf2 Ke5 46. Bg6 b5 47. c5 Rd8
48. Kb4 Rb8 49. Rf7 Nc6+ 50. Kc3 b4+ 51. axb4 Rxb4 52. Rf5+ Ke6 53. Bf7+ Kd7
54. Bc4 1-0

[Event "TOP 16 B group"]
[Site "BELFORT"]
[Date "????.??.??"]
[Round "5.14"]
[White "Moussard, Jules"]
[Black "Guilleux, Fabien"]
[Result "1-0"]
[WhiteElo "2597"]
[BlackElo "2407"]
[PlyCount "197"]
[EventDate "2025.05.??"]
[WhiteTeam "ASNIERES"]
[BlackTeam "CHALONS EN CHAMPAGNE"]
[WhiteTeamCountry "FRA"]
[BlackTeamCountry "FRA"]

1. c4 c6 2. d4 d5 3. cxd5 cxd5 4. Bf4 Nf6 5. e3 Nc6 6. Bd3 a6 7. Nc3 Bg4 8. f3
Bh5 9. Nge2 e6 10. O-O Bd6 11. Rc1 O-O 12. Na4 Bg6 13. Bxg6 hxg6 14. Bxd6 Qxd6
15. Nc5 b6 16. Nd3 Rfc8 17. Qd2 Nd7 18. Rc2 Ne7 19. Rfc1 Rxc2 20. Rxc2 Rc8 21.
Rxc8+ Nxc8 22. Qc3 Ne7 23. e4 a5 24. h4 Kf8 25. a4 Ke8 26. g3 Kd8 27. Kf2 Qc7
28. Ke3 Qb8 29. Nef4 Qd6 30. g4 Nc6 31. e5 Qc7 32. Nh3 Ke8 33. Ng5 Qc8 34. Kd2
Ne7 35. b4 Qxc3+ 36. Kxc3 Nc6 37. b5 Ne7 38. Nf4 Kf8 39. Kd3 Kg8 40. Ke3 Nf8
41. Nd3 f6 42. Nh3 Nd7 43. Nhf4 Kf7 44. Ng2 Ng8 45. Kf4 f5 46. Nf2 Nh6 47. Nh3
Nf8 48. Ng5+ Ke7 49. Kg3 Nf7 50. Nh3 Nh7 51. Ngf4 Nf8 52. g5 Nd8 53. Kf2 Kf7
54. Ng1 Nd7 55. Kg3 Nf8 56. Nge2 Nd7 57. h5 Nf8 58. Kh4 gxh5 59. Kxh5 Nd7 60.
Nc3 Nf8 61. g6+ Ke8 62. Kg5 Nd7 63. Nh5 Kf8 64. Ne2 Nb8 65. Nef4 Nd7 66. Nd3
Nb8 67. Ndf4 Nd7 68. Ne2 Nb8 69. Neg3 Nd7 70. f4 Kg8 71. Nxg7 Kxg7 72. Nh5+ Kf8
73. Kh6 Nf7+ 74. Kh7 Ke7 75. Kg7 Nd8 76. Nf6 Nf8 77. Ng8+ Ke8 78. Nf6+ Ke7 79.
Nh7 Nxg6 80. Kxg6 Nb7 81. Ng5 Nd8 82. Kg7 Nb7 83. Nf7 Ke8 84. Kf6 Kd7 85. Ng5
Nd8 86. Nf3 Ke8 87. Nh4 Kd7 88. Ng6 Ke8 89. Ne7 Kd7 90. Nc6 Nxc6 91. bxc6+ Kc7
92. Kxe6 b5 93. Kxd5 b4 94. e6 b3 95. e7 b2 96. e8=Q b1=Q 97. Qd7+ Kb8 98. c7+
Ka7 99. c8=Q+ 1-0

[Event "TOP 16 B group"]
[Site "BELFORT"]
[Date "????.??.??"]
[Round "5.15"]
[White "Lucas, Arthur"]
[Black "Cornette, Matthieu"]
[Result "0-1"]
[WhiteElo "2328"]
[BlackElo "2527"]
[PlyCount "88"]
[EventDate "2025.05.??"]
[WhiteTeam "CHALONS EN CHAMPAGNE"]
[BlackTeam "ASNIERES"]
[WhiteTeamCountry "FRA"]
[BlackTeamCountry "FRA"]

1. e4 c5 2. Nf3 Nc6 3. Bb5 Nf6 4. e5 Nd5 5. Nc3 Nc7 6. Bxc6 dxc6 7. h3 g6 8. d3
Bg7 9. O-O b6 10. Ne4 h6 11. Re1 Ne6 12. b3 a5 13. a4 Ra7 14. Bb2 O-O 15. Qd2
Nd4 16. Nxd4 cxd4 17. f4 f5 18. exf6 exf6 19. Qf2 c5 20. Re2 Re7 21. Rae1 Rfe8
22. Bc1 f5 23. Nd2 Bf6 24. Nf3 Bb7 25. Rxe7 Rxe7 26. Rxe7 Qxe7 27. Kf1 Kg7 28.
Bd2 Bd5 29. Qg3 Qe6 30. Ne5 g5 31. h4 g4 32. Be1 Bb7 33. Bd2 Qd5 34. Nf3 Kg6
35. Be1 Kh7 36. Ne5 Bxh4 37. Qh2 Qxg2+ 38. Qxg2 Bxg2+ 39. Kxg2 Bxe1 40. Nc4 h5
41. Nxb6 h4 42. Nc4 Kg6 43. Ne5+ Kh5 44. Nd7 h3+ 0-1

[Event "TOP 16 B group"]
[Site "BELFORT"]
[Date "????.??.??"]
[Round "5.16"]
[White "Guichard, Pauline"]
[Black "Moracchini, Margaux"]
[Result "1-0"]
[WhiteElo "2324"]
[BlackElo "2019"]
[PlyCount "55"]
[EventDate "2025.05.??"]
[WhiteTeam "ASNIERES"]
[BlackTeam "CHALONS EN CHAMPAGNE"]
[WhiteTeamCountry "FRA"]
[BlackTeamCountry "FRA"]

1. d4 d6 2. Nf3 Nf6 3. c4 g6 4. Nc3 Bg7 5. Bg5 Bf5 6. e3 Ne4 7. Nxe4 Bxe4 8.
Bd3 Bxd3 9. Qxd3 Nd7 10. O-O O-O 11. b4 a5 12. b5 Re8 13. Rac1 c6 14. c5 dxc5
15. dxc5 Ne5 16. Nxe5 Bxe5 17. Qe4 Qc7 18. b6 Qb8 19. Qh4 Qc8 20. f4 Bg7 21. f5
f6 22. fxg6 hxg6 23. Qc4+ Kf8 24. Bf4 e5 25. Bg5 Qe6 26. Qh4 Kf7 27. Rxf6+ Bxf6
28. Qh7+ 1-0

[Event "TOP 16 B group"]
[Site "BELFORT"]
[Date "????.??.??"]
[Round "5.17"]
[White "Wagner, Claude"]
[Black "Gurel, Ediz"]
[Result "0-1"]
[WhiteElo "2321"]
[BlackElo "2636"]
[PlyCount "80"]
[EventDate "2025.05.??"]
[WhiteTeam "BISCHWILLER"]
[BlackTeam "CLICHY"]
[WhiteTeamCountry "FRA"]
[BlackTeamCountry "FRA"]

1. d4 Nf6 2. c4 e6 3. Nc3 Bb4 4. e3 O-O 5. Bd2 d5 6. Nf3 b6 7. Rc1 Bb7 8. cxd5
exd5 9. Bd3 Nbd7 10. O-O a6 11. Ne5 Bd6 12. f4 c5 13. Qf3 b5 14. Qh3 h6 15. Bf5
Nb6 16. Be1 b4 17. Ne2 cxd4 18. exd4 Nc8 19. Bh4 Be7 20. Nc6 Bxc6 21. Rxc6 Nd6
22. Rfc1 Re8 23. Bd3 Nfe4 24. Bxe7 Qxe7 25. Qf3 Nc4 26. b3 Ned2 27. Qh3 Nb2 28.
Rc7 Qf8 29. R1c2 Nxd3 30. Rxd2 Rxe2 31. Qxd3 Re4 32. g3 Qd6 33. Qc2 Qe6 34. Qc6
Re1+ 35. Kg2 Qe4+ 36. Kh3 Qf5+ 37. Kg2 Rae8 38. Qc2 Qg4 39. Rf2 R1e2 40. Qd3
R8e3 0-1

[Event "TOP 16 B group"]
[Site "BELFORT"]
[Date "????.??.??"]
[Round "5.18"]
[White "Amin, Bassem"]
[Black "Schmider, Niklas"]
[Result "1-0"]
[WhiteElo "2649"]
[BlackElo "2421"]
[PlyCount "67"]
[EventDate "2025.05.??"]
[WhiteTeam "CLICHY"]
[BlackTeam "BISCHWILLER"]
[WhiteTeamCountry "FRA"]
[BlackTeamCountry "FRA"]

1. Nf3 Nf6 2. g3 c5 3. c4 Nc6 4. Bg2 d5 5. cxd5 Nxd5 6. Nc3 Nc7 7. a3 g6 8. h4
Bg4 9. b4 cxb4 10. axb4 Bg7 11. Rb1 Bf5 12. Rb3 Be6 13. b5 Bxb3 14. Qxb3 Na5
15. Qa4 Ne6 16. h5 Nc5 17. Qf4 Qd6 18. Qxd6 exd6 19. Nd5 Rc8 20. h6 Nd3+ 21.
exd3 Rxc1+ 22. Ke2 Bb2 23. Rxc1 Bxc1 24. d4 Kd7 25. Kd3 Rc8 26. Bh3+ f5 27. g4
Nc4 28. gxf5 Nb2+ 29. Ke2 Re8+ 30. Kf1 Kd8 31. fxg6 hxg6 32. Ng5 Rf8 33. h7 Ke8
34. Nf6+ 1-0

[Event "TOP 16 B group"]
[Site "BELFORT"]
[Date "????.??.??"]
[Round "5.19"]
[White "Pigeat, Alexandre"]
[Black "Le Roux, Jean-Pierre"]
[Result "1-0"]
[WhiteElo "2303"]
[BlackElo "2475"]
[PlyCount "87"]
[EventDate "2025.05.??"]
[WhiteTeam "BISCHWILLER"]
[BlackTeam "CLICHY"]
[WhiteTeamCountry "FRA"]
[BlackTeamCountry "FRA"]

1. d4 Nf6 2. c4 c5 3. d5 b5 4. cxb5 a6 5. b6 d6 6. Nc3 Nbd7 7. e4 g6 8. Nf3 Rb8
9. Be2 Bg7 10. h3 O-O 11. O-O Nxb6 12. Bg5 h6 13. Be3 e6 14. dxe6 Bxe6 15. Qc1
Kh7 16. Rd1 Qe7 17. Bf4 Rfd8 18. Bxa6 Ra8 19. Bb5 d5 20. exd5 Nbxd5 21. Be5
Nxc3 22. Bxc3 Bd5 23. Qe3 Qb7 24. a4 Rac8 25. Re1 Be6 26. Qe2 c4 27. Rad1 Bd5
28. Qe7 Qb6 29. Bd4 Qd6 30. Qxd6 Rxd6 31. Bc3 Rdd8 32. Ne5 Kg8 33. Nxc4 Be6 34.
Rxd8+ Rxd8 35. Nb6 Rb8 36. Bd4 Rd8 37. Be3 Ne4 38. Bc6 f5 39. a5 Bxb2 40. a6
Bc3 41. Rb1 Ba2 42. Rf1 f4 43. Bxf4 Bd4 44. Bc7 1-0